Normal view
MARC view
- إعداد دنون، محمود كامل
Entry Personal Name
001 - CONTROL NUMBER
- control field: 39477
003 - CONTROL NUMBER IDENTIFIER
- control field: JO-AjAnu
005 - DATE AND TIME OF LATEST TRANSACTION
- control field: 20230606080550.0
008 - FIXED-LENGTH DATA ELEMENTS
- fixed length control field: 230606|| aca||aabn | a|a d
040 ## - CATALOGING SOURCE
- Original cataloging agency: JO-AjAnu
- Transcribing agency: JO-AjAnu
100 ## - HEADING--PERSONAL NAME
- Personal name: إعداد دنون، محمود كامل
670 ## - SOURCE DATA FOUND
- Source citation: Work cat.: (JO-AjAnu)20243: إعداد دنون، محمود كامل, author, مضارب الأمثال: نخبة من الأمثال الفريدة والمنتقاة تضرب في شتى العلاقات والمواقف والإهتمامات الإنسانية